Multiple Choice City Quiz - Tampa - Statistics

General Stats
  • This quiz has been taken 43 times
  • The average score is 6 of 10
Answer Stats
Question Answer % Correct
Which natural disaster commonly affects Tampa? Hurricanes
91%
Which North American sports league does Tampa not have a team in? NBA
91%
The Tampa Bay area includes which of the following cities? St. Petersburg and Clearwater
89%
What body of water is Tampa located on? Gulf of Mexico
86%
Tampa is known for its historic production of which product? Cigars
57%
What does the name "Tampa" most likely mean, according to historians? Place of Many Waters
57%
What river flows through downtown Tampa? Hillsborough River
54%
Which of these does Tampa have? The longest continuous sidewalk in the United States
49%
Tampa's Channelside District is located next to what major attraction? Florida Aquarium
37%
Tampa was officially incorporated as a city in which year? 1855
29%
No matching quizzes found
Score Distribution
Percent of People with Each Score
Percentile by Number Answered
Your Score History
You have not taken this quiz